000 00411nam a2200157Ia 4500
003 OSt
005 20260303094056.0
008 211028s2002 xx 000 0 und d
040 _cAIMIT LIBRARY
041 _aeng
100 _aKurian, Georgina, Manimozhi, R.
_g9941911
_92156
110 _aManimozhi, R
_92157
245 _aAutomated land conversion system /
260 _aMangalore
_c2002
942 _2ddc
_cPRO
999 _c216794
_d216794